Company to company <a> communicative approach to business correspondence in English

Na minha lista:
Detalhes bibliográficos
Autor principal: Littlejohn, Andrew
Formato: Livro
Idioma:inglês
Publicado em: Cambridge Cambridge University Press 2002
Edição:3rd ed.
Colecção:Student's book
Assuntos:
Tags: Adicionar Tag
Sem tags, seja o primeiro a adicionar uma tag!

MARC

LEADER 00000nam$a2200000$$$4500
001 0019705
005 20240226124518.3
020 |a 0-521-65412-2 
041 0 |a eng 
044 |a GB 
245 1 0 |a Company to company  |b <a> communicative approach to business correspondence in English  |c Andrew Littlejohn 
250 |a 3rd ed. 
264 1 |a Cambridge  |b Cambridge University Press  |c 2002 
300 |a 126 s. 
490 1 |a Student's book 
830 0 |a Student's book 
610 2 0 |a korešpondencia 
610 2 0 |a obchod 
610 2 0 |a angličtina 
610 2 0 |a jazyky cudzie 
100 1 |a Littlejohn, Andrew